00694nam a2200157 i 450000100060000000300090000600500170001500700030003200800410003511101060007624501800018226000560036230000200041860000640043885200340050246654ES-MaACL20231129150407.0t|030331s1983 sp ||||1| spa d2 aCongreso Internacional Conmemorativo del Centenario de Juan Ramón Jiménez (d1981. cLa Rábida)10aActas del Congreso Internacional Conmemorativo del Centenario de Juan Ramón Jiménez organizado por la excma. Diputación Provincial de Huelva y la Universidad de Sevilla. aHuelva : bInstituto de Estudios Onubenses, c1983. a2 v. ; c24 cm.14aJiménez, Juan Ramón,d1881-1958-vCongresos y asambleas aES-MaACLjL-5653-4 bR.105718